Автономните области в Испания - Statistics

General Stats
  • This quiz has been taken 50 times
  • The average score is 8 of 17
Answers on the Map
Answers color-coded by a green-red scale on the quiz's map according to % correct below.
 
Answer Stats
Community % Correct
Каталуния
100%
Андалусия
65%
Мадрид
65%
Валенсия
61%
Арагон
57%
Канарски острови
52%
Галисия
52%
Балеарски острови
43%
Мурсия
43%
Навара
43%
Баския
39%
Кантабрия
30%
Кастилия Ла Манча
30%
Кастилия и Леон
30%
Естремадура
30%
Астурия
26%
Ла Риоха
26%
No matching quizzes found
Score Distribution
Percent of People with Each Score
Percentile by Number Answered
Your Score History
You have not taken this quiz